|
|
|
|
| LEADER |
01022nam a2200217 a 4500 |
| 001 |
GR-MES3890 |
| 008 |
991111s gr 000 0 gre d |
| 040 |
|
|
|a GrPaTEI
|b gre
|c GR-PaULI
|
| 245 |
0 |
3 |
|a Τα πάγια και αι επ'αυτών αποσβέσεις :
|b Ανάτυπον εκ του συγγράματος: Σύγχρονος γενική λογιστική.
|
| 260 |
|
|
|a Αθήναι :
|b Παπαζήση,
|c [χ.ε]
|
| 300 |
|
|
|a 414σελ. :
|b πιν.
|
| 500 |
|
|
|a Η σελιδαρίθμηση αρχίζει απο τη σελ.314
|
| 650 |
|
4 |
|a Κεφάλαιο
|
| 650 |
|
4 |
|a Οικονομία
|
| 650 |
|
4 |
|a ΧΡΗΜΑΤΟΟΙΚΟΝΟΜΙΚΑ
|
| 700 |
1 |
|
|a Παπαδημητρίου, Δ.
|
| 710 |
0 |
|
|a Παπαζήση
|
| 942 |
|
|
|2 ddc
|
| 952 |
|
|
|0 0
|1 0
|2 ddc
|4 0
|6 332_041000000000000_4_ΠΑΠ
|7 0
|9 268494
|a MSLG
|b MSLG
|c BSC
|d 2021-01-17
|e 24
|f 0
|g 0.00
|l 0
|o 332.041 4 ΠΑΠ
|p 2420000013168
|r 2021-01-17 00:00:00
|t 1
|w 2021-01-17
|y BK15
|x 19991111 0 1
|x GrPaTEI
|
| 971 |
|
|
|a .b25749365
|b 16-04-20
|c 13-09-16
|
| 999 |
|
|
|c 154726
|d 154726
|